Responses for show #8089 - Thursday, November 7, 2019

2019 Tournament of Champions quarterfinal game 4.

Contestants

[<< previous game]

Emma Boettcher, a user experience librarian from Chicago, Illinois

Eric R. Backes, an attorney and government relations professional from Oviedo, Florida

Josh Hill, a network engineer from North Little Rock, Arkansas

[next game >>]

Jeopardy! Round responses

SINGERS
U.S. ISLANDS
NAME & NUMBER
(Alex: We're going to need a name and a number in each correct response.)
SPANISH TO ENGLISH RHYME TIME
(Alex: The example they have given me is gato gordo. What is a fat cat?)
BUGLE CALLS
LET'S EAT
    $200 6
Ed Sheeran

Emma
    $200 27
Washington

Eric
    $200 11
Louis XVI

Emma
    $200 1
double trouble

Eric
    $200 14
"Taps"

Emma
    $200 30
a ribeye

Emma
    $400 26
5 Seconds of Summer

Josh
    $400 20
Maui

Eric
    $400 29
Henry VIII

Josh
    $400 25
clean queen

Eric
    $400 28
(Eric: What is "Reveille"?)
...
(Alex: Obviously, you haven't seen enough John Wayne movies.)
[Laughter]

"Charge"

Eric
Triple Stumper
    $400 23
a Meal, Ready-to-Eat

Josh
    $600 21
Alicia Keys

Josh
    $600 3
the Florida Keys

Emma
    $600 22
Paul VI

Eric
    $600 8
cold gold

Eric
    $600 24
horse races

Josh
    $600 12
(Alex: Yes, "broo-skeh-tuh.")

bruschetta

Emma
    $800 16
Florida Georgia Line

Emma
    $800 2
(Eric: What is Myrtle Beach?)

Hilton Head

Eric
Triple Stumper
    $1,000 4
Richard III

Emma
    $800 10
blue shoe

Josh
    $800 18
(Emma: What is "Surrender"?)

"Cease Fire"

Emma
Triple Stumper
    $800 19
the liver

Eric
    $1000 17
Michael Bublé

Emma
    $1000 5
the Aleutian Islands

Josh
    $1000 7
Frederick II

Emma
    $1000 9
long song

Eric
    $1000 15
(Josh: What is the "Cattle Call"?)

"Mail Call"

Josh
Triple Stumper
    $1000 13
tapioca

Josh

Scores at the first commercial break (after clue 15):

Josh Eric Emma
$1,800 $1,000 $3,800

Scores at the end of the Jeopardy! Round:

Josh Eric Emma
$4,200 $3,000 $5,000

Double Jeopardy! Round responses

JEOPARDY! KEYWORDS, NOT!
THE HUMAN BODY
5-SYLLABLE WORDS
GHOSTWRITERS
TV TAGLINES
"SCHU" WHO
    $400 28
Wings

Emma
    $400 27
the mandible

Josh
    $400 5
abracadabra

Emma
    $400 29
her autobiography

Eric
    $400 23
Heroes

Emma
    $400 30
(Charles) Schulz

Josh
    $800 26
California

Josh
    $4,000 13
coccyx

Emma
    $800 25
(Alex: Yeah, you gotta love 'em, though.)

macadamias

Eric
    $3,600 21
Profiles in Courage

Eric
    $800 22
The Daily Show

Eric
    $800 24
Schuster

Josh
    $1200 15
John Hancock

Josh
    $1200 3
(Josh: What are... endocrine glands?)

sebaceous glands

JoshEric
    $1200 8
serendipity

Emma
    $1200 2
Shaw

Emma
    $1200 16
Veep

Emma
    $1200 11
(Chuck) Schumer

Eric
    $1600 17
(Sir Edward) Elgar

Emma
    $1600 6
sclera

Emma
    $1600 9
defenestration

Emma
    $1600 10
The Count of Monte Cristo

Emma
    $1600 1
MacGyver

Josh
    $1600 12
(Joel) Schumacher

Emma
    $2000 19
Miró

Eric
    $2000 7
the calcaneus

Triple Stumper
    $2000 14
annunciation

Josh
    $2000 20
Aleister Crowley

Triple Stumper
    $2000 4
The Handmaid's Tale

Josh
    $2000 18
(Franz) Schubert

Emma

Scores at the end of the Double Jeopardy! Round:

Josh Eric Emma
$12,200 $13,000 $23,800

Final Jeopardy! Round responses

20th CENTURY ART
(Alex: And the artist is one of the founders of this art movement.)
JoshWhat is minimalism
$1,603
EricWhat is Art Deco?
$5,000
EmmaWhat is Cubism?
$0
Cubism

Final scores:

Josh Eric Emma
$10,597 $8,000 $23,800
2nd place: $5,000 if eliminated 3rd place: $5,000 if eliminated Automatic semifinalist

Game dynamics:

Coryat scores:

Josh Eric Emma
$12,200 $10,200 $20,400
16 R,
2 W
15 R
(including 1 DD),
2 W
23 R
(including 2 DDs),
1 W

Combined Coryat: $42,800

The J! Archive is created by fans, for fans. The Jeopardy! game show and all elements thereof, including but not limited to copyright and trademark thereto, are the property of Jeopardy Productions, Inc. and are protected under law. This website is not affiliated with, sponsored by, or operated by Jeopardy Productions, Inc. Join the discussion at JBoard.tv.